Classic Military Aircraft Manufacturers A-Z - Statistics

General Stats
  • This quiz has been taken 897 times
    806 since last reset
  • The average score is 11 of 21
Answer Stats
Hint Answer % Correct
B (B-17) Boeing
93%
A (Lancaster) Avro
76%
H (He 111) Heinkel
71%
J (Stuka) Junkers
71%
L (C-130) Lockheed
71%
C (P-40 Warhawk) Curtiss
66%
M (ME-109) Messerschmitt
63%
N (P-51 Mustang) North American
61%
D (SBD Dauntless) Douglas
59%
T (TU-2) Tupolev
59%
F (Fw 190A) Focke-Wulf
58%
S (Camel) Sopwith
57%
V (F4U Corsair) Vought
57%
I (IL-4) Ilyushin
55%
R (P-47 Thunderbolt) Republic
55%
Y (Yak-1 & Yak-7) Yakovlev
36%
W (Whirlwind) Westland
35%
K (Kl-61 Hein "Tony") Kawasaki
32%
P (L-4 Grasshopper) Piper
25%
G (G.IV and G.V) Gotha
16%
Z (Staaken R) Zeppelin
15%
No matching quizzes found
Score Distribution
Percent of People with Each Score
Percentile by Number Answered
Your Score History
You have not taken this quiz since the last reset